Na pomoc spotřebitelům.

Rozhovor s vedúcim odboru ochrany spotrebiteľa na Federálnom ministerstve kontroly. Zahraničné skúsenosti z oblasti ochrany spotrebiteľa, ktoré možno uplatniť v ČSFR. Návrh hlavných zásad systému ochrany spotrebiteľa. Orgány, ktoré budú riešiť sťažnosti spotrebiteľov. Súčasný stav legislatívnej ochr...

Ausführliche Beschreibung

Gespeichert in:
Bibliographische Detailangaben
Format: Buchkapitel
Sprache:Tschechisch
Schlagworte:
Tags: Tag hinzufügen
Keine Tags, Fügen Sie das erste Tag hinzu!

MARC

LEADER 00000naa a2200000 4500
001 r004339
005 20221125080117.1
041 0 |a cze 
044 |a [CS] 
245 1 0 |a Na pomoc spotřebitelům. 
520 |a Rozhovor s vedúcim odboru ochrany spotrebiteľa na Federálnom ministerstve kontroly. Zahraničné skúsenosti z oblasti ochrany spotrebiteľa, ktoré možno uplatniť v ČSFR. Návrh hlavných zásad systému ochrany spotrebiteľa. Orgány, ktoré budú riešiť sťažnosti spotrebiteľov. Súčasný stav legislatívnej ochrany. Najaktuálnejšie oblasti ochrany spotrebiteľa. 
610 2 0 |a ochrana spotrebiteľa 
610 2 0 |a ČSFR 
610 2 0 |a spotrebitelia 
610 2 0 |a legislatíva